000 00826nas a2200229 i 4500
005 20250604114441.0
007 ta
008 250602e2020 dr mn|p|r||||||0| | spa d
040 _cDO
_aDO-SdBNP
_bspa
_dDO-SdBNP
_erda
041 _aspa
100 _aJanet González
_9106935
245 _aRevista vuelo :
_bperiodismo grande para grandes /
_cJanet González.
264 _aProvincia Hermanas Mirabal, República Dominicana :
_bJanet González,
_c2021.
300 _avolumen :
_bilustraciones, fotografías ;
_c28 cm.
310 _aMensual.
336 _atexto
_btxt
_2rdacontent
337 _asin mediación
_bn
_2rdamedia
338 _avolumen
_bnc
_2rdacarrier
362 _aAño 2, No.3, noviembre 2020.
650 0 _aEntrevistas (Periodismo)
_911043
_vPublicaciones periódicas
_zRepública Dominicana
942 _2udc
_cISSUE
999 _c59111
_d59111